Statistics for Ultimate Rivers of the UK (with map)

Click here to take the quiz!

General Stats

  • This quiz has been taken 3,493 times
  • The average score is 44 of 168

Answers on the Map

Answers color-coded by a green-red scale on the quiz's map according to % correct below.
 

Answer Stats

CountryLengthRiver% Correct
Eng215mi (346km)Thames
98%
Eng & Wal220mi (354km)Severn
86%
Eng73mi (118km)Tyne (Northumberland)
82%
Sco30mi (48km)Tyne (Scotland)
82%
Eng185mi (297km)Trent
75%
Eng25mi (40km)Avon/Aune (Devon)
71%
Eng75mi (120km)Avon (Bristol)
71%
Eng60mi (97km)Avon (Hampshire)
71%
Eng96mi (154km)Avon (Warks)
71%
Eng70mi (113km)Mersey
71%
Eng40mi (65km)Humber
65%
Sco109mi (175km)Clyde
64%
Eng & Wal70mi (113km)Dee (Eng & Wales)
61%
Sco85mi (137km)Dee (Scotland)
61%
Eng & Wal134mi (215km)Wye
61%
Eng143mi (230km)Great Ouse
60%
Eng129mi (208km)Ure/Ouse (Yorkshire)
60%
Sco55mi (89km)Forth
55%
Eng & Sco97mi (156km)Tweed
53%
Eng70mi (113km)Tees
52%
Eng43mi (69km)Cam/Granta
51%
Sco120mi (193km)Tay
51%
Eng60mi (97km)Wear
50%
Eng60mi (97km)Exe
49%
Sco82mi (132km)Don (Scotland)
48%
Eng70mi (113km)Don (Yorkshire)
48%
Eng61mi (98km)Tamar
39%
Eng66mi (106km)Derwent (Derbyshire)
38%
Eng72mi (115km)Derwent (Yorkshire)
38%
Eng70mi (113km)Medway
38%
Sco107mi (172km)Spey
38%
Eng75mi (120km)Ribble
36%
Eng47mi (76km)Dart
35%
Eng42mi (68km)Lea
35%
Wal40mi (65km)Taff
35%
Eng71mi (114km)Aire
34%
Eng60mi (97km)Stour (Dorset)
33%
Eng47mi (76km)Stour (Suffolk)
33%
Eng25mi (40km)Stour (Worcs)
33%
Eng90mi (145km)Eden
32%
Eng100mi (161km)Nene
31%
Eng20mi (32km)Plym
31%
NI99mi (159km)Bann & Lough Neagh
30%
Wal56mi (90km)Usk
28%
Eng28mi (45km)Esk
27%
Eng21mi (34km)Fal
27%
Eng28mi (45km)Itchen
27%
Sco40mi (65km)Ayr
26%
Eng45mi (72km)Dove
25%
NI53mi (86km)Lagan
25%
Eng40mi (65km)Test
25%
Eng87mi (140km)Wey
25%
Eng52mi (84km)Yare
25%
Eng45mi (72km)Calder
24%
Wal27mi (43km)Conwy
24%
Eng39mi (63km)Irwell
24%
Eng73mi (118km)Swale
24%
Eng45mi (72km)Taw
24%
Eng60mi (97km)Wharfe
24%
Eng44mi (71km)Lune
23%
Eng35mi (56km)Rother
23%
Eng30mi (48km)Tame (Gtr. Manchester)
23%
Eng59mi (95km)Tame (West Midlands)
23%
Eng22mi (35km)Axe
22%
Eng40mi (65km)Cherwell
22%
NI & Ire22mi (35km)Foyle
22%
Eng59mi (95km)Nidd
22%
Eng48mi (78km)Wensum
22%
Eng82mi (132km)Witham
22%
NI57mi (91km)Blackwater
21%
NI & Ire80mi (129km)Erne & Lough Erne
21%
Eng20mi (32km)Kent
21%
Sco70mi (113km)Nith
21%
Eng59mi (95km)Soar
21%
Eng37mi (60km)Arun
20%
Eng39mi (63km)Colne (Essex)
20%
Eng45mi (72km)Kennet
20%
Wal30mi (48km)Tawe
20%
Eng31mi (50km)Teign
20%
Eng & Wal81mi (131km)Teme
20%
Eng28mi (45km)Wyre
20%
Wal21mi (34km)Ystwyth
20%
Eng30mi (48km)Camel
19%
Wal30mi (48km)Dyfi
19%
Eng37mi (60km)Parrett
19%
Wal50mi (80km)Teifi
19%
Wal68mi (109km)Tywi
19%
Sco49mi (79km)Annan
18%
Wal35mi (56km)Clwyd
18%
Eng20mi (32km)Frome (Bristol)
18%
Eng30mi (48km)Frome (Dorset)
18%
Eng27mi (43km)Frome (Somerset)
18%
Sco33mi (53km)Nairn
18%
Eng59mi (95km)Waveney
18%
Eng65mi (105km)Welland
18%
Eng20mi (32km)Adur
17%
Eng33mi (53km)Alde/Ore
17%
Eng40mi (65km)Coquet
17%
Sco22mi (35km)Eye Water
17%
Sco63mi (101km)Findhorn
17%
Sco31mi (50km)Lossie
17%
Eng50mi (80km)Mole
17%
Sco27mi (43km)Thurso
17%
Eng40mi (65km)Chelmer
16%
Sco61mi (98km)Deveron
16%
Eng30mi (48km)Looe (East & West)
16%
Eng47mi (76km)North Esk
16%
Eng20mi (32km)Otter
16%
Sco49mi (79km)South Esk
16%
Eng60mi (97km)Weaver
16%
Eng40mi (65km)Windrush
16%
Sco28mi (45km)Almond
15%
Eng32mi (51km)Dearne
15%
Eng33mi (53km)Deben
15%
Sco46mi (74km)Earn
15%
Eng25mi (40km)Erewash
15%
NI & Ire39mi (63km)Finn
15%
Sco26mi (42km)Irvine
15%
Sco46mi (74km)Isla
15%
Sco22mi (35km)Kelvin
15%
Eng & Wal45mi (72km)Lugg
15%
Eng21mi (34km)Meon
15%
Eng & Wal42mi (68km)Monnow (Mynwy)
15%
NI25mi (40km)Mourne/Strule
15%
Wal30mi (48km)Rhymney
15%
Sco37mi (60km)Teviot
15%
Eng58mi (93km)Torridge
15%
Sco58mi (93km)Tummel
15%
Sco37mi (60km)Ythan
15%
NI33mi (53km)Bush
14%
Eng29mi (46km)Clun
14%
Sco25mi (40km)Cree
14%
Eng45mi (72km)Evenlode
14%
Eng30mi (48km)Goyt
14%
Eng23mi (37km)Hodder
14%
Eng20mi (32km)Kym/Til
14%
Eng28mi (45km)Loddon
14%
Sco36mi (57km)Oykel (Kyle of Sutherland)
14%
Eng31mi (50km)Roding
14%
Eng24mi (39km)Stort
14%
Eng21mi (34km)Tone
14%
Sco30mi (48km)Urr
14%
Wal40mi (65km)Vyrnwy
14%
Eng30mi (48km)Bollin
13%
Eng31mi (50km)Brue
13%
NI & Ire28mi (45km)Derg
13%
Eng25mi (40km)Ellen
13%
Sco24mi (39km)Garnock
13%
Eng26mi (42km)Idle
13%
Sco34mi (55km)Lyon
13%
NI34mi (55km)Main
13%
Eng25mi (40km)Onny
13%
Eng20mi (32km)Ouzel
13%
NI27mi (43km)Quoile
13%
NI34mi (55km)Roe
13%
Eng24mi (39km)Sow
13%
Eng30mi (48km)Tern
13%
Sco28mi (45km)Dulnain
12%
NI30mi (48km)Faughan
12%
Eng20mi (32km)Gowy
12%
Eng32mi (51km)Leadon
12%
NI27mi (43km)Moyola
12%
Eng34mi (55km)Nadder
12%
NI26mi (42km)Owenkillew
12%
Eng24mi (39km)Perry
12%
Eng20mi (32km)Salwarpe
12%
Sco33mi (53km)Stinchar
12%
NI22mi (35km)Glenelly
11%

Score Distribution

Percentile by Number Answered

Percent of People with Each Score

Your Score History

You have not taken this quiz